| 000 | 00658cam9a220019300 4500 | ||
|---|---|---|---|
| 001 | tmp15736979 | ||
| 003 | UPRA | ||
| 005 | 20190826094848.0 | ||
| 008 | 951017s1928 sa eng u | ||
| 035 | _a(Sirsi) r17193 | ||
| 035 | _a(UPRA)tmp15736979 | ||
| 040 | _cUPRA | ||
| 100 | 1 |
_aJabavu, D. D. T. _6A5773.1 |
|
| 245 | 1 | 4 |
_aThe segregation fallacy and other papers : _b(a native view of some South African inter-racial problems). |
| 260 |
_a[Lovedale] : _bLovedale Institution Press, _c1928. |
||
| 651 | 0 |
_aSouth Africa -- Race relations. _xSouth Africa -- Race relations. _6S652.1 |
|
| 949 |
_aHN796 _wlcc _i-12553 _mMAIN _tBOOK _lON-SHELF |
||
| 004 | 17193 | ||
| 999 |
_c161036 _d161036 |
||